Catalog

Record Details

Catalog Search



Smart about the fifty states  Cover Image Book Book

Smart about the fifty states / written and illustrated by Jon Buller [and others].

Buller, Jon, 1943- (author). Buller, Jon, 1943- (Added Author).

Summary:

Learn interesting facts, trivia, and places on the map about the fifty states.

Record details

  • ISBN: 0448431319
  • ISBN: 9780448431314
  • ISBN: 0448432358
  • ISBN: 9780448432359
  • ISBN: 9780756930486
  • ISBN: 0756930480
  • Physical Description: 64 pages : color illustrations, color maps ; 23 cm.
  • Publisher: New York : Grosset & Dunlap, ©2003.

Content descriptions

Formatted Contents Note:
Map of the U.S.A -- The states -- Washington, D.C. -- The American flag -- How our country grew -- Our presidents.
Subject: U.S. states > Miscellanea > Juvenile literature.
United States > Miscellanea > Juvenile literature.
Genre: Trivia and miscellanea.
Literature.
Juvenile works.

Available copies

  • 1 of 1 copy available at scottsboropl.

Holds

  • 0 current holds with 1 total copy.
Show All Copies
Location Call Number / Copy Notes Barcode Shelving Location Status Due Date
scottsboropl E 960 Bul 32269000684442 Juvenile - Easy NonFiction Available -

LDR 01240cam a2200325 a 4500
001127042
003SBPL
00520140703073303.0
008030317s2003 nyuab c b 000 0 eng
010 . ‡a 2003005961
020 . ‡a0448431319 ‡q(pb)
020 . ‡a9780448431314 ‡q(pb)
020 . ‡a0448432358 ‡q(GB)
020 . ‡a9780448432359 ‡q(GB)
020 . ‡a9780756930486
020 . ‡a0756930480
035 . ‡a(CONS)127042
035 . ‡a(OCoLC)52121268 ‡z(OCoLC)965968428 ‡z(OCoLC)1295767774
05000. ‡aE180 ‡b.S63 2003
08200. ‡a973 ‡221
1001 . ‡aBuller, Jon, ‡d1943-: ‡eauthor
24500. ‡aSmart about the fifty states / ‡cwritten and illustrated by Jon Buller [and others].
260 . ‡aNew York : ‡bGrosset & Dunlap, ‡c©2003.
300 . ‡a64 pages : ‡bcolor illustrations, color maps ; ‡c23 cm.
336 . ‡atext ‡btxt ‡2rdacontent
337 . ‡aunmediated ‡bn ‡2rdamedia
338 . ‡avolume ‡bnc ‡2rdacarrier
4901 . ‡aSmart about history
5050 . ‡aMap of the U.S.A -- The states -- Washington, D.C. -- The American flag -- How our country grew -- Our presidents.
520 . ‡aLearn interesting facts, trivia, and places on the map about the fifty states.
650 0. ‡aU.S. states ‡vMiscellanea ‡vJuvenile literature.
651 0. ‡aUnited States ‡vMiscellanea ‡vJuvenile literature.
655 7. ‡aTrivia and miscellanea. ‡2lcgft
655 7. ‡aLiterature. ‡2lcgft
655 7. ‡aJuvenile works.
7001 . ‡aBuller, Jon, ‡d1943-
830 0. ‡aSmart about history.
901 . ‡a127042 ‡bUnknown ‡c127042 ‡tbiblio

Additional Resources